| 000 | 00386nam a2200145Ia 4500 | ||
|---|---|---|---|
| 008 | 220216s9999 xx 000 0 und d | ||
| 100 | _aMenon P.M. | ||
| 245 | 0 | _aNatural rubber production: Prospects on a long term basis | |
| 260 |
_bRubber Board Bulletin _c1990 |
||
| 300 | _a15-Jul | ||
| 650 | _aNatural rubber | ||
| 650 | _aRubber production | ||
| 700 | _aUnni R.G. | ||
| 942 | _cBS | ||
| 999 |
_c51174 _d51174 |
||